Countries of Europe Quiz! - Statistics

General Stats
  • This quiz has been taken 17 times
  • The average score is 41 of 48
Answers on the Map
Answers color-coded by a green-red scale on the quiz's map according to % correct below.
 
Answer Stats
Answer % Correct
Denmark
100%
France
100%
Germany
100%
Iceland
100%
Ireland
100%
Italy
100%
Norway
100%
Russia
100%
Spain
100%
United Kingdom
100%
Austria
92%
Belgium
92%
Croatia
92%
Czechia
92%
Greece
92%
Poland
92%
Portugal
92%
Sweden
92%
Ukraine
92%
Belarus
85%
Bosnia
85%
Bulgaria
85%
Estonia
85%
Finland
85%
Hungary
85%
Latvia
85%
Lithuania
85%
Luxembourg
85%
Malta
85%
Moldova
85%
Montenegro
85%
Netherlands
85%
North Macedonia
85%
Romania
85%
San Marino
85%
Slovakia
85%
Switzerland
85%
Vatican City
85%
Albania
77%
Andorra
77%
Liechtenstein
77%
Monaco
77%
Serbia
77%
Slovenia
77%
Kosovo
69%
Cyprus
62%
Turkey
46%
Georgia
15%
No matching quizzes found
Score Distribution
Percent of People with Each Score
Percentile by Number Answered
Your Score History
You have not taken this quiz